Sagrada Biblia (Record no. 170669)
[ view plain ]
| 000 -LEADER | |
|---|---|
| campo de control de longitud fija | 00994nam a2200253 i 4500 |
| 001 - NÚMERO DE CONTROL | |
| campo de control | 170669 |
| 003 - IDENTIFICADOR DE NÚMERO DE CONTROL | |
| campo de control | ES-MaACL |
| 005 - FECHA Y HORA DE LA ÚLTIMA TRANSACCIÓN | |
| campo de control | 20250819002059.0 |
| 008 - DATOS DE LONGITUD FIJA--INFORMACIÓN GENERAL | |
| campo de control de longitud fija | 090330s1957 sp |||| | spa d |
| 130 0# - ENTRADA PRINCIPAL--TÍTULO UNIFORME | |
| Título uniforme | Biblia. |
| Lenguaje de la obra | Español |
| 9 (RLIN) | 119282 |
| 245 10 - MENCIÓN DEL TÍTULO | |
| Título | Sagrada Biblia |
| Resto del título | : versión crítica sobre los textos hebreo y griego / |
| Mención de responsabilidad, etc. | por José María Bover y Francisco Cantera Burgos. |
| 250 ## - MENCION DE EDICION | |
| Mención de edición | 4ª ed. |
| Resto de la mención de edición | notablemente corregida y mejorada en el A. Testamento, revisada en el Nuevo por Felix Puzo. |
| 260 ## - PUBLICACIÓN, DISTRIBUCIÓN, ETC. | |
| Lugar de publicación, distribución, etc. | Madrid : |
| Nombre del editor, distribuidor, etc. | [La Editorial Católica], |
| Fecha de publicación, distribución, etc. | 1957,. |
| 300 ## - DESCRIPCIÓN FÍSICA | |
| Extensión | XVI, 1649 p., [8] p. de mapas : |
| Otras características físicas | il. ; |
| Dimensiones | 20 cm. |
| 490 1# - MENCIÓN DE SERIE | |
| Mención de serie | Biblioteca de autores cristianos ; |
| Designación de volumen o secuencia | 25-26 |
| 500 ## - NOTA GENERAL | |
| Nota general | 2 t. en un v. |
| 500 ## - NOTA GENERAL | |
| Nota general | Con grab. y map. |
| 700 0# - ENTRADA AGREGADA--NOMBRE PERSONAL | |
| Nombre de persona | Bover, José María. |
| 9 (RLIN) | 31120 |
| 700 0# - ENTRADA AGREGADA--NOMBRE PERSONAL | |
| Nombre de persona | Cantera Burgos, Francisco. |
| 9 (RLIN) | 34642 |
| 700 0# - ENTRADA AGREGADA--NOMBRE PERSONAL | |
| Nombre de persona | Puzo, Félix. |
| 9 (RLIN) | 94457 |
| 830 00 - PUNTO DE ACCESO ADICIONAL DE SERIE-TÍTULO UNIFORME | |
| Título uniforme | Biblioteca de autores cristianos |
| Designación de volumen o secuencia | 25-26 |
| 9 (RLIN) | 178679 |
| 852 ## - LOCALIZACIÓN | |
| Ubicación | ES-MaACL |
| Número de control de estantería | J-25 |
| itemnumber | R.46092 |
| Estatus retirado | Estado de pérdida | Estado de daño | No para préstamo | Biblioteca de origen | Biblioteca actual | Ubicación en estantería | Fecha de adquisición | Fuente de adquisición | Total de préstamos | Signatura topográfica completa | Código de barras | Visto por última vez | Precio de reemplazo | Tipo de ítem Koha |
|---|---|---|---|---|---|---|---|---|---|---|---|---|---|---|
| Biblioteca del Ateneo de Madrid | Biblioteca del Ateneo de Madrid | Depósito 2 | 30/03/2009 | J-25 | 1179108 | 23/02/2023 | 23/02/2023 | Libro impreso |
